| 000 | 00769pam a2200265 a 4500 | ||
|---|---|---|---|
| 999 |
_c1315 _d1315 |
||
| 001 | 4678382 | ||
| 003 | OSt | ||
| 005 | 20210625084957.0 | ||
| 008 | 810326s1981 ilua b 001 0 eng | ||
| 010 | _a 81004102 | ||
| 020 | _a0815111835 : | ||
| 040 |
_aDLC _cDLC _dDLC |
||
| 050 | 0 | 0 |
_aQP146 _b.B68 |
| 060 | _aWU 102 B811b | ||
| 082 | 0 | 0 |
_a612/.31 _219 |
| 100 | 1 |
_aBradley, Robert M. _q(Robert Martin), _d1939- |
|
| 245 | 1 | 0 |
_aBasic oral physiology / _cRobert M. Bradley. |
| 260 |
_aChicago : _bYear Book Medical Publishers, _cc1981. |
||
| 300 |
_axiv, 223 p. : _bill. ; _c21 cm. |
||
| 504 | _aIncludes bibliographies and index. | ||
| 650 | 0 | _aMouth. | |
| 650 | 2 |
_aMouth _xPhysiology. |
|
| 906 |
_a7 _bcbc _corignew _d1 _eocip _f19 _gy-gencatlg |
||
| 942 |
_2lcc _cBK _nDO |
||